ბათუმის შოთა რუსთაველის სახელმწიფო უნივერსიტეტის ბიბლიოთეკა

ხილის მოსავლის აღება და მოვლა. (ბიბ.ჩანაწერი № 44676)

000 -LEADER
fixed length control field 00792nam a2200229Ia 4500
001 - CONTROL NUMBER
control field 11480
003 - CONTROL NUMBER IDENTIFIER
control field GE_BSU
008 - FIXED-LENGTH DATA ELEMENTS--GENERAL INFORMATION
fixed length control field 181216s||||||||xx |||||||||||||| ||und||
040 ## - CATALOGING SOURCE
Transcribing agency GE_BSU
080 ## - UNIVERSAL DECIMAL CLASSIFICATION NUMBER
Universal Decimal Classification number 634:631.54+634:631.55
100 ## - MAIN ENTRY--PERSONAL NAME
Personal name კაჭარავა,პ.
245 ## - TITLE STATEMENT
Title ხილის მოსავლის აღება და მოვლა.
245 ## - TITLE STATEMENT
Statement of responsibility, etc. რედ:ნ.ხომიზურაშვილი.
250 ## - EDITION STATEMENT
Edition statement მე–2 შესწ.გამოც.
260 ## - PUBLICATION, DISTRIBUTION, ETC.
Place of publication, distribution, etc. თბილისი.
260 ## - PUBLICATION, DISTRIBUTION, ETC.
Name of publisher, distributor, etc. საქ.სსრ მეცნ.აკად.გამბა.
260 ## - PUBLICATION, DISTRIBUTION, ETC.
Date of publication, distribution, etc. 1950
300 ## - PHYSICAL DESCRIPTION
Extent 143გვ;21სმ.
300 ## - PHYSICAL DESCRIPTION
Accompanying material ილ.
653 ## - INDEX TERM--UNCONTROLLED
Uncontrolled term ხილის მოსავლის აღება და მოვლა.
942 ## - ADDED ENTRY ELEMENTS (KOHA)
Koha item type წიგნი
ეგზემპლარები
Withdrawn status Lost status Damaged status Not for loan Date acquired Barcode Date last seen Price effective from Koha item type
        2018-12-17 20123 2018-12-17 2018-12-17 წიგნი
        2018-12-17 20124 2018-12-17 2018-12-17 წიგნი